000 00802cab a2200217 4500
001 ABS40843
008 090401t1989 xxu||||| |||| 00| 0 eng d
035 _a(Sirsi) u26323
041 _aeng
100 _aMoreton, P.
245 _aGet it right at the outset
260 _c1989
350 _a0
490 _aChartered Surveyor Weekly
_v27(8) 25 May 1989, 76(1)
520 _aBrief advice to surveyors on completing mortgage valuation reports, stressing that careful consideration should be given to the actual valuation figure. Discusses various types of valuation such as valuation of a building under construction, valuation of a new building and reinspections .
650 _aLIABILITY
650 _aNEGLIGENCE
690 _aPRACTICE AND TECHNIQUES
942 _n0
948 _c04/03/1997
999 _c17678
_d17678